| 000 | 00828am a2200325a 44500 | ||
|---|---|---|---|
| 003 | AR-BaBNM | ||
| 005 | 20251128211020.0 | ||
| 008 | 020701s1994 #AR|||||||||||000 | ing|| | ||
| 020 | _a0-582-23908-7 | ||
| 040 | _cAR-BaBNM | ||
| 100 | 1 | _aAbbs, Brian | |
| 245 | 1 | 0 |
_aSplash! _bteacher's book _n4 |
| 260 |
_aHarlow _bLongman _c1994 |
||
| 300 |
_a95 p. _bil. |
||
| 650 | 4 | _aENSEÑANZA DE IDIOMAS | |
| 650 | 4 | _aINGLES | |
| 650 | 4 | _aLENGUA EXTRANJERA | |
| 650 | 4 | _aLIBROS DE TEXTO | |
| 650 | 4 | _aLIBROS PARA NIÑOS | |
| 650 | 4 | _aJUEGOS EDUCATIVOS | |
| 650 | 4 | _aACTIVIDADES DE APRENDIZAJE | |
| 650 | 4 | _aGUIA DEL DOCENTE | |
| 653 | _aESTRATEGIAS DIDACTICAS | ||
| 653 | _aUNIDADES DIDACTICAS | ||
| 653 | _aPROYECTOS DE AULA | ||
| 700 | 1 | _aWorrall, Anne | |
| 700 | 1 | _aWard, Ann | |
| 942 | _cBK | ||
| 998 | _craquel | ||
| 999 |
_c17898 _d17898 |
||